Verdad, justicia y reparación : (Registro nro. 38381)

Detalles MARC
000 -CABECERA
Longitud fija campo de control 01361nam a2200301 a 4500
003 - • IDENTIFICADOR DELl NÚMERO DE CONTROL
Identificador del número de control CO-BoRNBP
005 - • FECHA Y HORA DE LA ÚLTIMA TRANSACCIÓN
Fecha y hora de la última transacción 20241002114120.0
007 - • CAMPO FIJO DE DESCRIPCIÓN FÍSICA
Campo fijo de descripción física ta
008 - • CÓDIGOS DE INFORMACIÓN DE LONGITUD FIJA
Códigos de información de longitud fija 081119s2007 ck gr 00010 spa d
020 ## - • NÚMERO INTERNACIONAL NORMALIZADO PARA LIBROS
Número Internacional Normalizado para Libros (ISBN) 9789588297354
040 ## - FUENTE DE LA CATALOGACIÓN
Centro catalogador de origen CO-BoBLA
Lengua de catalogación spa
Centro transcriptor CO-BoBLA
043 ## - CÓDIGO DE ÁREA GEOGRÁFICA
Código de área geográfica s-ck---
082 04 - • NÚMERO DE LA CLASIFICACIÓN DECIMAL DEWEY
Número de clasificación (R) 303.6
Número del ítem I57v1
Número de edición 21
110 2# - • PUNTO DE ACCESO PRINCIPAL-NOMBRE DE ENTIDAD CORPORATIVA
Nombre de entidad corporativa o nombre de jurisdicción como elemento inicial Instituto Interamericano de Derechos Humanos.
245 10 - • TITULO PROPIAMENTE DICHO
Título Verdad, justicia y reparación :
Resto del título atención integral a víctimas de violaciones graves a los derechos humanos, taller psicojurídico /
Mención de responsabilidad, etc. Instituto Interamericano de Derechos Humanos.
250 ## - • MENCIÓN DE EDICIÓN
Mención de edición Editoras Lucrecia Molina Theissen, Helda Martínez.
300 ## - • DESCRIPCIÓN FÍSICA
Extensión 183 p. ;
Dimensiones 23 cm. +
Material Anexo 1 CD-Rom.
336 ## - TIPO DE CONTENIDO
Fuente rdacontent
Término de tipo de contenido texto
Código de tipo de contenido txt
337 ## - TIPO DE MEDIO
Fuente rdamedia
Nombre del tipo de medio sin mediación
Código del tipo de medio n
338 ## - TIPO DE SOPORTE
Fuente rdacarrier
Nombre del tipo de soporte volumen
Código del tipo de soporte nc
610 27 - • PUNTO DE ACCESO ADICIONAL DE MATERIA - NOMBRE DE ENTIDAD CORPORATIVA
Nombre de entidad corporativa o nombre de jurisdicción como elemento inicial Provincia Mexicana del Santo Evangelio de México (Ciudad de México)
Subdivisión geogr´fica Colombia.
650 #7 - • PUNTO DE ACCESO ADICIONAL DE MATERIA - TÉRMINO DE MATERIA
Término de materia o nombre geográfico como elemento inicial Violación de los derechos humanos
Subdivisión geográfica Colombia.
Fuente del encabezamiento o término BLAAUTO
700 1# - • PUNTO DE ACCESO ADICIONAL - NOMBRE DE PERSONA
Nombre de persona Molina Theissen, Lucrecia,
Término indicativo de función ed.
700 1# - • PUNTO DE ACCESO ADICIONAL - NOMBRE DE PERSONA
Nombre de persona Martínez, Helda,
Término indicativo de función ed.
776 0# - ENLACE A UN FORMATO FÍSICO ADICIONAL
Información sobre la relación El CD-rom contiene el taller especializado sobre atención integral a víctimas de violaciones gravea a los derechos humanos en el litigio de casos (Bogotá, Colombia 16, 17 y 18 de Agosto de 2006)
942 ## - ENTRADA DE ELEMENTOS AGREGADOS (KOHA)
Fuente de clasificaión o esquema Dewey Decimal Classification
Koha [por defecto] tipo de item LIbro
949 ## - TRATAMIENTO DE LA INFORMACIÓN LOCAL (OCLC)
a n
b n
Existencias
Perdido Fuente de clasificación o esquema Estado Físico No para préstamo Forma de adquisición Localización permanente Localización actual Localización en estanterías Fecha adquisición Préstamos totales Signatura completa Código de barras Fecha última consulta Número de copia Fecha del precio de reemplazo Tipo de item de Koha Note pública
  Dewey Decimal Classification     Colección General Biblioteca Pública San Carlos de Guaroa - Eduardo Carranza Biblioteca Pública San Carlos de Guaroa - Eduardo Carranza General 10/30/2025   303.6 I57v1 SG04301 10/30/2025 Ej.1 10/30/2025 LIbro  
        Sala General Biblioteca Pública Departamental Eduardo Carranza - Villavicencio Biblioteca Pública Departamental Eduardo Carranza - Villavicencio General 05/18/2009   303.6 I57v ECA18622 11/26/2024 Ej.1 11/26/2024 LIbro 13717 | 18132
  Dewey Decimal Classification     Colección General Biblioteca Pública Guamal Biblioteca Pública Guamal General 10/02/2024   303.6 l57v1 GUA004156 10/02/2024 Ej.1 10/02/2024 LIbro  









Instituto Departamental de Cultura del Meta - Red Departamental de Bibliotecas Públicas del Meta.